Famous People from California - Statistics

General Stats
  • This quiz has been taken 25 times
  • The average score is 7 of 10
Answer Stats
Hint Answer % Correct
Founder of Apple Inc. Steve Jobs
96%
Rapper famous for his addiction to marijuana Snoop Dogg
83%
Actor who was famous for his martial arts Bruce Lee
79%
Famous actor in the movie Wolf of Wall Street Leonardo DiCaprio
79%
The greatest golf player of all time Tiger Woods
79%
Legend of the NFL, plays as quarterback for the Buccaneers (2021) Tom Brady
71%
Actor who usually pairs up with Kevin Hart Dwayne Johnson
67%
The person who acted as a waitress in the sitcom Friends Jennifer Aniston
63%
Actor famous for his Western movies Clint Eastwood
58%
Basketball player knows as the “Fun Guy” Kawhi Leonard
17%
No matching quizzes found
Score Distribution
Percent of People with Each Score
Percentile by Number Answered
Your Score History
You have not taken this quiz